| 000 | 00597nam a2200181 a 4500 | ||
|---|---|---|---|
| 005 | 20140412111232.0 | ||
| 008 | 020412s19uu xx 00 eng d | ||
| 020 | _a0-89565-692-2 | ||
| 050 |
_aTR(PS E _bHo77 1988 |
||
| 100 | _aMoncure, Jane Belk | ||
| 245 |
_aHop-skip-jump-a-roo zoo : _ba book about imitating / _cby Jane Belk Moncure; illustrated by Linda Hohag and Dan Spoden. |
||
| 260 |
_aMankato, Minnesota : _bThe Child's World Inc, _c1988. |
||
| 300 | _a30 p. ; ill. | ||
| 440 | _aMagic Castle Readers | ||
| 650 | _aImitating--Fiction | ||
| 650 | _aChildren stories | ||
| 999 |
_c102239 _d102239 |
||